|
|
|
|
| LEADER |
00000cam a2200000 7i4500 |
| 001 |
0000093404 |
| 005 |
20231219092353.0 |
| 008 |
|
| 020 |
|
|
|a 9789672813323 (
|q (paperback))
|
| 040 |
|
|
|e rda
|
| 041 |
|
|
|a Malay
|
| 090 |
0 |
0 |
|a MIA
|b MAL
|
| 100 |
1 |
|
|a Mia Azwari ,
|e (author)
|
| 245 |
1 |
0 |
|a Takkan berganti
|c Mia Azwari
|
| 264 |
|
1 |
|a Pahang :
|b Rinsya Chasiani
|
| 300 |
|
|
|a 301 pages :
|b color illustrations ;
|c 18 cm.
|
| 336 |
|
|
|a text
|2 rdacontent
|
| 337 |
|
|
|a unmediated
|2 rdamedia
|
| 338 |
|
|
|a volume
|2 rdacarrier
|
| 541 |
|
|
|c Purchased on 2023
|f 0001(2) RCP
|h RM28.00
|
| 650 |
|
0 |
|a Malay fiction
|
| 700 |
1 |
|
|a Teehanz ,
|e (illustrator)
|
| 730 |
0 |
|
|a Title
|
| 999 |
|
|
|a 0001747825
|b Book
|c Adult Collection
|e Desa - PPAJ
|
| 999 |
|
|
|a 0001747826
|b Book
|c Adult Collection
|e Desa - PPAJ
|
| 999 |
|
|
|a 0001747827
|b Book
|c Adult Collection
|e Desa - PPAJ
|
| 999 |
|
|
|a 0001747828
|b Book
|c Adult Collection
|e Desa - PPAJ
|
| 999 |
|
|
|a 0001747829
|b Book
|c Adult Collection
|e Desa - PPAJ
|
| 999 |
|
|
|a 0001747830
|b Book
|c Adult Collection
|e Desa - PPAJ
|
| 999 |
|
|
|a 0001747831
|b Book
|c Adult Collection
|e Desa - PPAJ
|
| 999 |
|
|
|a 0001747832
|b Book
|c Adult Collection
|e Desa - PPAJ
|
| 999 |
|
|
|a 0001747833
|b Book
|c Adult Collection
|e Desa - PPAJ
|
| 999 |
|
|
|a 0001747834
|b Book
|c Adult Collection
|e Desa - PPAJ
|
| 999 |
|
|
|a 0001747835
|b Book
|c Adult Collection
|e Desa - PPAJ
|
| 999 |
|
|
|a 0001747836
|b Book
|c Adult Collection
|e Desa - PPAJ
|
| 999 |
|
|
|a 0001747837
|b Book
|c Adult Collection
|e Desa - PPAJ
|
| 999 |
|
|
|a 0001747838
|b Book
|c Adult Collection
|e Desa - PPAJ
|
| 999 |
|
|
|a 0001747839
|b Book
|c Adult Collection
|e Desa - PPAJ
|
| 999 |
|
|
|a 0001747840
|b Book
|c Adult Collection
|e Desa - PPAJ
|
| 999 |
|
|
|a 0001747841
|b Book
|c Adult Collection
|e Desa - PPAJ
|
| 999 |
|
|
|a 0001747842
|b Book
|c Adult Collection
|e Desa - PPAJ
|
| 999 |
|
|
|a 0001747843
|b Book
|c Adult Collection
|e Desa - PPAJ
|
| 999 |
|
|
|a 0001747844
|b Book
|c Adult Collection
|e Desa - PPAJ
|
| 999 |
|
|
|a 0001747845
|b Book
|c Adult Collection
|e Desa - PPAJ
|
| 999 |
|
|
|a 0001747846
|b Book
|c Adult Collection
|e Desa - PPAJ
|
| 999 |
|
|
|a 0001747847
|b Book
|c Adult Collection
|e Desa - PPAJ
|
| 999 |
|
|
|a 0001747848
|b Book
|c Adult Collection
|e Desa - PPAJ
|
| 999 |
|
|
|a 0001747849
|b Book
|c Adult Collection
|e Desa - PPAJ
|
| 999 |
|
|
|a 0001747850
|b Book
|c Adult Collection
|e Desa - PPAJ
|
| 999 |
|
|
|a 0001747851
|b Book
|c Adult Collection
|e Desa - PPAJ
|
| 999 |
|
|
|a 0001747852
|b Book
|c Adult Collection
|e Desa - PPAJ
|
| 999 |
|
|
|a 0001747853
|b Book
|c Adult Collection
|e Desa - PPAJ
|
| 999 |
|
|
|a 0001747854
|b Book
|c Adult Collection
|e Desa - PPAJ
|
| 999 |
|
|
|a 0001747855
|b Book
|c Adult Collection
|e Desa - PPAJ
|
| 999 |
|
|
|a 0001747856
|b Book
|c Adult Collection
|e Desa - PPAJ
|
| 999 |
|
|
|a 0001747857
|b Book
|c Adult Collection
|e Desa - PPAJ
|
| 999 |
|
|
|a 0001747858
|b Book
|c Adult Collection
|e Desa - PPAJ
|
| 999 |
|
|
|a 0001747859
|b Book
|c Adult Collection
|e Desa - PPAJ
|
| 999 |
|
|
|a 0001747860
|b Book
|c Adult Collection
|e Desa - PPAJ
|
| 999 |
|
|
|a 0001747861
|b Book
|c Adult Collection
|e Desa - PPAJ
|
| 999 |
|
|
|a 0001747862
|b Book
|c Adult Collection
|e Desa - PPAJ
|
| 999 |
|
|
|a 0001747863
|b Book
|c Adult Collection
|e Desa - PPAJ
|
| 999 |
|
|
|a 0001747864
|b Book
|c Adult Collection
|e Desa - PPAJ
|
| 999 |
|
|
|a 0001747865
|b Book
|c Adult Collection
|e Desa - PPAJ
|
| 999 |
|
|
|a 0001748180
|b Book
|c Adult Collection
|e Perbadanan Perpustakaan Awam Johor
|
| 999 |
|
|
|a 0001748181
|b Book
|c Adult Collection
|e Cawangan Urban Transformation Centre
|
| 999 |
|
|
|a 0001748182
|b Book
|c Adult Collection
|e Cawangan AEON Kulaijaya
|
| 999 |
|
|
|a 0001748183
|b Book
|c Adult Collection
|e Cawangan Taman Universiti
|
| 999 |
|
|
|a 0001748184
|b Book
|c Adult Collection
|e Cawangan Batu Pahat
|
| 999 |
|
|
|a 0001748185
|b Book
|c Adult Collection
|e Cawangan Tmn. Ungku Tun Aminah
|
| 999 |
|
|
|a 0001748186
|b Book
|c Adult Collection
|e Cawangan Bandar Tenggara
|
| 999 |
|
|
|a 0001748187
|b Book
|c Adult Collection
|e Perbadanan Perpustakaan Awam Johor
|
| 999 |
|
|
|a 0001748188
|b Book
|c Adult Collection
|e Cawangan Kota Tinggi
|
| 999 |
|
|
|a 0001748189
|b Book
|c Adult Collection
|e Cawangan Segamat
|
| 999 |
|
|
|a 0001748190
|b Book
|c Adult Collection
|e Cawangan Bandar Penawar
|
| 999 |
|
|
|a 0001748191
|b Book
|c Adult Collection
|e Cawangan Taman Sri Lambak
|
| 999 |
|
|
|a 0001748192
|b Book
|c Adult Collection
|e Cawangan Muar
|
| 999 |
|
|
|a 0001748193
|b Book
|c Adult Collection
|e Cawangan Bukit Gambir
|
| 999 |
|
|
|a 0001748194
|b Book
|c Adult Collection
|e Cawangan Tangkak
|
| 999 |
|
|
|a 0001748195
|b Book
|c Adult Collection
|e Cawangan Mersing
|
| 999 |
|
|
|a 0001748196
|b Book
|c Adult Collection
|e Cawangan Pontian
|